Cycling season 2019 - Statistics

General Stats
  • This quiz has been taken 91 times
  • The average score is 31 of 50
Answer Stats
Rank 2019 Team Country Points Answer % Correct
1. Team Jumbo-Visma Slovenia 2737 Primož Roglič
99%
3. Movistar Team Spain 2230 Alejandro Valverde
95%
5. Team INEOS Colombia 1991 Egan Bernal
93%
2. Deceuninck - Quick Step France 2265 Julian Alaphilippe
93%
10. BORA - hansgrohe Slovakia 1614 Peter Sagan
93%
7. CCC Team Belgium 1847 Greg Van Avermaet
85%
4. Astana Pro Team Denmark 2183 Jakob Fuglsang
83%
11. Lotto Soudal Australia 1592 Caleb Ewan
82%
13. UAE-Team Emirates Slovenia 1440 Tadej Pogačar
82%
15. Corendon - Circus Netherlands 1362 Mathieu Van Der Poel
80%
20. Mitchelton-Scott United Kingdom 1306 Adam Yates
77%
9. UAE-Team Emirates Norway 1634 Alexander Kristoff
77%
21. Movistar Team Colombia 1292 Nairo Quintana
77%
14. Trek - Segafredo Netherlands 1370 Bauke Mollema
76%
6. Deceuninck - Quick Step Italy 1863 Elia Viviani
74%
50. Team INEOS United Kingdom 863 Geraint Thomas
74%
38. Groupama - FDJ France 959 Thibaut Pinot
73%
19. Astana Pro Team Kazakstan 1307 Alexey Lutsenko
71%
33. Movistar Team Ecuador 984 Richard Carapaz
70%
23. BORA - hansgrohe Ireland 1230 Sam Bennett
70%
26. Astana Pro Team Colombia 1112 Miguel Ángel López
68%
16. AG2R La Mondiale Belgium 1335 Oliver Naesen
68%
28. EF Education First Canada 1098 Michael Woods
66%
35. Bahrain Merida Italy 968 Vincenzo Nibali
66%
39. Mitchelton-Scott South Africa 936 Daryl Impey
63%
27. Team Sunweb Australia 1106 Michael Matthews
63%
31. Wanty - Gobert Cycling Team France 993 Guillaume Martin
62%
42. Deceuninck - Quick Step Czech republic 930 Zdenek Stybar
62%
48. Deceuninck - Quick Step Spain 871 Enric Mas
60%
12. Mitchelton-Scott Italy 1572 Matteo Trentin
60%
17. BORA - hansgrohe Germany 1333 Emanuel Buchmann
55%
44. Deceuninck - Quick Step Belgium 916 Philippe Gilbert
55%
8. BORA - hansgrohe Germany 1821 Pascal Ackermann
54%
36. BORA - hansgrohe Poland 968 Rafal Majka
52%
34. Deceuninck - Quick Step Belgium 979 Yves Lampaert
52%
24. UAE-Team Emirates Italy 1228 Diego Ulissi
49%
30. Movistar Team Spain 998 Mikel Landa
49%
25. Lotto Soudal Belgium 1214 Tim Wellens
48%
32. BORA - hansgrohe Germany 989 Maximilian Schachmann
46%
45. Team Jumbo-Visma Netherlands 903 Steven Kruijswijk
46%
40. Trek - Segafredo Belgium 934 Jasper Stuyven
45%
29. Lotto Soudal Belgium 1067 Tiesj Benoot
41%
37. EF Education First Colombia 965 Sergio Higuita
40%
46. Bahrain Merida Belgium 894 Dylan Teuns
39%
47. Deceuninck - Quick Step Belgium 872 Remco Evenepoel
39%
49. Team INEOS Netherlands 865 Wout Poels
37%
41. Astana Pro Team Spain 933 Ion Izagirre
30%
43. Bahrain Merida Italy 924 Sonny Colbrelli
27%
22. Team Jumbo-Visma Netherlands 1237 Mike Teunissen
21%
18. Team Jumbo-Visma Netherlands 1326 Dylan Groenewegen
5%
No matching quizzes found
Score Distribution
Percent of People with Each Score
Percentile by Number Answered
Your Score History
You have not taken this quiz